Normal view
MARC view
- ICS Press
Entry Personal Name
001 - CONTROL NUMBER
- control field: 9366
003 - CONTROL NUMBER IDENTIFIER
- control field: NUST
005 - DATE AND TIME OF LATEST TRANSACTION
- control field: 20180121171601.0
008 - FIXED-LENGTH DATA ELEMENTS
- fixed length control field: 180121|| aca||aabn | a|a d
040 ## - CATALOGING SOURCE
- Original cataloging agency: NUST
- Transcribing agency: NUST
100 ## - HEADING--PERSONAL NAME
- Personal name: ICS Press
670 ## - SOURCE DATA FOUND
- Source citation: Work cat.: (NUST)320956: ICS Press, Regulations and stagnation : the case of Argentina: executive summary, 1990
